Mê kông ký sự
Đã lưu trong:
| 主要作者: | |
|---|---|
| 格式: | 圖書 |
| 語言: | Undetermined |
| 出版: |
Tp.Hồ Chí Minh
Hãng phim truyền hình Thành phố Hồ Chí Minh
2006
|
| 主題: | |
| 標簽: |
添加標簽
沒有標簽, 成為第一個標記此記錄!
|
| Thư viện lưu trữ: | Trung tâm Học liệu Trường Đại học Cần Thơ |
|---|
| LEADER | 00578nam a2200205Ia 4500 | ||
|---|---|---|---|
| 001 | CTU_107527 | ||
| 008 | 210402s9999 xx 000 0 und d | ||
| 020 | |c 30000 | ||
| 082 | |a 791.43 | ||
| 082 | |b Kh113/T.12 | ||
| 100 | |a Phạm, Khắc | ||
| 245 | 0 | |a Mê kông ký sự | |
| 245 | 0 | |c Phạm Khắc | |
| 260 | |a Tp.Hồ Chí Minh | ||
| 260 | |b Hãng phim truyền hình Thành phố Hồ Chí Minh | ||
| 260 | |c 2006 | ||
| 650 | |a Motion pictures | ||
| 904 | |i Tuyến | ||
| 915 | |a 700 | ||
| 980 | |a Trung tâm Học liệu Trường Đại học Cần Thơ | ||